MDQL
is popping MORE tags! Check the
thread
!
Quizzes
Events
Quiz Creation
Community
Videos
Private Events
Remove Ads
Sign In
Join for FREE
Feedback
Dark Mode
Quiz Categories
Sports
Geography
Music
Movies
Television
Just For Fun
Miscellaneous
History
Literature
Language
Science
Gaming
Entertainment
Religion
Holiday
For Kids
Quiz Lab
Recent
Popular Today
Quiz Kudos Today
Editor Picks
Curator Picks
Quizzes by...
Day
Popularity
Type
Ratings
Length
Year
Community
Subscriptions
Recent Discussions
Orange Saloon
Badges
Playlists
Quests
Create
Leaderboards
Showdown
Live 5
Trivia Bingo
Activity
Puzzle Library
Sporcle Events
Private Events
Virtual Trivia
Globe League
Become a Host
Pub Owners
SporcleCon
Opinionation
Our Games
Videos
Blog
Mobile Apps
Partnerships
Remove Ads and Go Orange
Feedback
Gaming
Video Games
Board Games
Card Games
Pokémon
Mario
Nintendo
Minecraft
Console
Toys
Legend of Zelda
Gaming
Video Games
Board Games
Card Games
Pokémon
Mario
Nintendo
Minecraft
Console
Toys
Legend of Zelda
Random Quiz
Search Sporcle
×
Quiz Lab
Quiz Lab
Gaming
battlefield
Type in answers that appear in a list
Type in answers that appear in a list
Classic
Best Score? Go Orange.
Battlefield 3 Maps and Game Modes Stats
Can you name the Battlefield 3 Maps and Game Modes ?
By
SporcleEXP
15m
42 Questions
328 Plays
328 Plays
328 Plays
Comments
Comments
Give Quiz Kudos
Give Quiz Kudos
-
- Ratings
hide this ad
More Info
Replay
Link that replays current quiz
Next Quiz
Link to next quiz in quiz playlist
You Got
0%
They Got
Avg Score
32%
Avg Friend Score
Upgrade to see
Score Distribution
Jump to the score distribution portion of the page
Score
0/42
Timer
15:00
0
Plays Today
Map/Mode
Answer
% Correct
Mode
Rush
82%
Map
Operation Metro
80.5%
Mode
Conquest
80.2%
Mode
Team Deathmatch
77.1%
Map
Operation Firestorm
76.2%
Map
Caspian Border
73.8%
Map
Kharg Island
56.1%
Mode
Squad Rush
55.2%
Map
Gulf of Oman
50.6%
Map
Seine Crossing
47%
Map
Damavand Peak
45.7%
Map
Grand Bazaar
45.7%
Mode
Capture The Flag
44.6%
Map
Tehran Highway
41.8%
Map
Wake Island
40.5%
Map
Strike at Karkand
37.5%
Map
Noshahr Canals
37.2%
Mode
Air Superiority
35.4%
Map
Operation 925
33.6%
Map
Ziba Tower
31.5%
Mode
Tank Superiority
30.7%
Map/Mode
Answer
% Correct
Mode
Scavenger
30.4%
Mode
Conquest Assault
30.2%
Mode
Gun Master
29.4%
Mode
Conquest Domination
27.3%
Map
Bandar Desert
27.3%
Map
Scrap Metal
26.1%
Map
Epicenter
23.5%
Map
Death Valley
23.1%
Mode
Squad Team Deathmatch
22.9%
Map
Donya Fortress
21.8%
Map
Armored Shield
21.4%
Map
Operation Riverside
20%
Map
Alborz Mountains
18.9%
Map
Azadi Palace
17.5%
Map
Markaz Monolith
17.5%
Map
Sharqi Peninsula
17.4%
Map
Talah Market
16.6%
Map
Nebandan Flats
16.6%
Map
Sabalan Pipeline
16%
Map
Kiasar Railroad
14.9%
Mode
Team Deathmatch Close Quarters
10.1%
Quiz Playlist
Details
Report
Send in Message
Add To Playlist
More Info:
The Battlefield 3 Series - Maps and Game Modes
Classic:
Type in answers that appear in a list
Last Updated: Feb 16, 2017
Quiz Scoreboard
CHALLENGE
Sign Up to Join the Scoreboard
Show All
Scores
Hide
Comments
May contain spoilers
Recently Published
Two Season TV Shows II
by 123Four
Television
10m
Image Sorting: Flags VI
by Barbecue
Geography
2m
Find the 'City' Movie
by crazypaving
Movies
60s
More to Explore
Quiz From the Vault
Featured Blog Post
14 Easter Pick-up Lines to Find Eggs With
hide this ad
You Might Also Like...
Tags
battlefield
map
mode
Today's Top Quizzes in Gaming
Browse Gaming
hide this ad
Top Contributed Quizzes in Gaming
1
League of Legends Pro Players by Career/Team History
2
Destiny 2 exotic weapons by perk icons
3
Genshin Impact Logic Puzzle
4
Genshin murder mystery
5
Dead By Daylight Logic Puzzle
6
4x4 Decades: Video Games
7
Ultimate Genshin Impact Logic Puzzle (up to 4.3)
8
Genshin Impact Logic Puzzle Quiz
9
Overwatch Logic Puzzle
10
Who's on the WWE 2K24 Cover?
Explore More
Trending Topics
Kpop
Disney
NBA
Crossword
Harry Potter
Anime
Marvel
Pokémon
WWE
Song
NFL
Country
Soccer
Puzzle
The Office
hide this ad
More By:
SporcleEXP
Quiz
Plays
Rating
Category
Featured
Created
Harry Potter Deaths in Order Minefield
3,068,850
4.18
Literature
Jan 27, 2016
Sins, Dwarfs, and Spice Girls
847,332
4.42
Just For Fun
Apr 11, 2012
Ancient History Bunker
708,307
4.28
History
Jan 20, 2014
Movie Posters VI
679,096
4.37
Movies
Nov 12, 2010
Movie Posters VII
621,916
4.44
Movies
Apr 16, 2011
Go to Creator's Profile
Score Distribution
Quiz Creator Spotlight
SporcleEXP
Follow
Send a Message
Quizzes Created
-
Created Quiz Play Count
-
More By This Creator
Popular Quizzes Today
1
Find the US States - No Outlines Minefield
2
Colored Red Africa Blitz
3
Find the 'City' Movie
4
5x2 Blitz: Bands
5
The Countries of the World
6
Find the Countries of Europe - No Outlines Minefield
7
Find the US States
8
US States
More Gaming Quizzes
Categorize This!: Gaming
Published
Trending Quizzes
Colored Red Europe Blitz I
Colored Red Africa Blitz II
Colored Red Europe Blitz II
Colored Red Africa Blitz III
Even More Two Season TV Shows
Recently Updated
March Madness Men's Triple Doubles
pecheneg
How Do You Spell That?
pecheneg
Godzilla Movies
pecheneg
Grab Bag: 4-10 Letters
pecheneg
2024 March Madness Bracket
pecheneg
Famous TV Couples
Peacemaker
Champions League XIs: Real Madrid
pecheneg
Largest US Cities 1790-2010
pecheneg
Rides in Walt Disney World
pecheneg
Most Oscar Losses (Acting)
pecheneg
Trending Topics
Harry Potter
Disney
Anime
Kpop
NBA
Crossword
Marvel
WWE
Pokémon
Song
NFL
Soccer
Puzzle
The Office
Country
Your Account Isn't Verified!
In order to create a playlist on Sporcle, you need to verify the email address you used during registration. Go to your
Sporcle Settings
to finish the process.
Report this User
Report this user for behavior that violates our
Community Guidelines
.
Details:
Send Report
Go to the Sporcle.com Mobile Site →
Comments